Statistics for Artists That Have Worked with NF

Click here to take the quiz!

General Stats

  • This quiz has been taken 4 times
  • The average score is 5 of 13

Answer Stats

Artist% Correct
Cordae
100%
Britt Nicole
50%
Fleurie
50%
Hopsin
50%
Julia Michaels
50%
Marty
50%
Tech N9ne
50%
Andreas Moss
25%
Futuristic
25%
Jeremiah Carlson
25%
Ruelle
25%
Sasha Sloan
25%
TobyMac
0%

Score Distribution

Percentile by Number Answered

Percent of People with Each Score

Your Score History

You have not taken this quiz